Normal view
MARC view
- Raw, India's secret service
Entry Topical Term
001 - CONTROL NUMBER
- control field: 109549
003 - CONTROL NUMBER IDENTIFIER
- control field: NUST
005 - DATE AND TIME OF LATEST TRANSACTION
- control field: 20230223184441.0
008 - FIXED-LENGTH DATA ELEMENTS
- fixed length control field: 230223|| aca||aabn | a|a d
040 ## - CATALOGING SOURCE
- Original cataloging agency: NUST
- Transcribing agency: NUST
150 ## - HEADING--TOPICAL TERM
- Topical term or geographic name entry element: Raw, India's secret service
670 ## - SOURCE DATA FOUND
- Source citation: Work cat.: (NUST)187928: Sagar ,Tarique Ismail 109548, RAW - Research and Analysis Wing / را ریسرچ اور اینالیسز ونگ (English & Urdu) /, 2005
